000 01342cam a22002777a 4500
020 _a9783110204476 (alk. paper)
020 _a3110204479 (alk. paper)
040 _cYDXCP
082 0 4 _a515 WAL 2009 A081 Or.
245 0 0 _aAnalytical and numerical aspects of partial differential equations :
_bnotes of a lecture series /
260 _aBerlin ;
_aNew York :
_bWalter De Gruyter,
_cc2009.
300 _a290 p. :
_bill. ;
_c25 cm.
500 _a"This book grew out of a series of lectures at the Technische Universität Berlin held by young mathematicians from France ... during the academic years 2007-2009"--Pref.
650 0 _aDifferential equations, Partial.
650 0 7 _aPartielle Differentialgleichung.
650 0 7 _aNumerisches Verfahren.
700 1 _aEmmrich, Etienne.
700 1 _aWittbold, Petra.
710 2 _aTechnische Universität Berlin.
856 4 1 _uhttp://bvbr.bib-bvb.de:8991/F?func=service&doc_library=BVB01&doc_number=017754000&line_number=0001&func_code=DB_RECORDS&service_type=MEDIA
856 4 2 _uhttp://deposit.d-nb.de/cgi-bin/dokserv?id=3194526&prov=M&dok_var=1&dok_ext=htm
856 4 1 _uhttp://d-nb.info/991724496/04
856 4 _uhttp://www.reference-global.com/isbn/978-3-11-021210-5
856 4 _uhttp://deposit.d-nb.de/cgi-bin/dokserv?id=3194526&prov=M&dok%5Fvar=1&dok%5Fext=htm
942 _cEK
999 _c15957
_d15957